01275nam a2200313Ia 4500001000700000003000500007008004100012010001100053040000900064090001700073100003600090245018600126260004100312300001000353502007600363650003200439650003100471650004500502650003100547650003600578901001700614902000600631910000900637942000600646942000600652999001900658952014200677952014200819Z_4860CHAP220113s2003 xx 000 0 und d a167914 cCHAP aTesis G 1718 aGómez Pérez, Dolores949857 aEfecto de estrato y edad de rebrote en la composición química de la alfalfa, producción de gas, espuma y pH durante su fermentación in vitro /cpor Dolores Gómez Pérez aChapingo, Méx. :bEl autor,c2003 a45 h. aTesis (Ing. Agr. Esp. en Zootecnia) -- UACH. Departamento de Zootecnia aAlfalfa como forraje 93899 aAlfalfaxAnálisis 93848 aDetergentesxEfecto en animales 932210 aRumiantesxAlimentación  aRumiantesxEnfermedades9100844 aTESIS G 1718 aM a2003 c2 c2 c167914d167914 00102local4051708TESISaZbZd2005-11-09eEl autorl0oTesis G66 1718 2003p5101002839r2022-01-18 00:00:00tEj.1w2022-01-18yTESIS 00102local4055708TESISaZbZd2005-11-09eEl autorl0oTesis G66 1718 2003p5101002840r2022-01-18 00:00:00tEj.2w2022-01-18yTESIS